| 000 | 00515nam a2200181Ia 4500 | ||
|---|---|---|---|
| 999 |
_c21082 _d21082 |
||
| 003 | OSt | ||
| 005 | 20200624135823.0 | ||
| 008 | 190216s9999||||xx |||||||||||||| ||und|| | ||
| 020 | _a9788175960541 | ||
| 040 | _coclc | ||
| 082 |
_a954.03 _bMET/I |
||
| 100 |
_aMetcalf, Thomas R _93137 |
||
| 245 | 0 |
_aIdeologies Of the Raj / _c Thomas R Metcalf |
|
| 260 |
_bCambridge Uty Press, _aNew Delhi: _c1998. |
||
| 300 | _a244p | ||
| 650 | _aHistory | ||
| 942 |
_cBK _2ddc _h954.03 _iMET/I _k954.03 _mMET/I |
||